00788nam a2200205Ia 4500008004100000082001700041100002900058245004100087250000800128260002500136300001300161500002400174650001600198700002300214942000700237952010700244952010700351952010700458999001700565230524s9999 xx 000 0 und d a621.382bSRI aGanesh Prasad Srivastava 0aMicrowave Devices and Circuit Design a1ST aNEW DELHIbPHIc2006 aVIII;470 aQuantity Number: 3 aElectronics a Vijay Laxmi Gupta cBK 00104070aTATCLbTATCLcGENd2023-05-24l0o621.382 SRIp16257r2023-05-24w2023-05-24yBKzBCSE3303 00104070aTATCLbTATCLcGENd2023-05-24l0o621.382 SRIp16258r2023-05-24w2023-05-24yBKzBCSE3303 00104070aTATCLbTATCLcGENd2023-05-24l0o621.382 SRIp16259r2023-05-24w2023-05-24yBKzBCSE3303 c36756d36756